000 00688nam a22002177a 4500
003 NUST-PNEC
005 20170116180742.0
008 141223b xxu||||| |||| 00| 0 eng d
020 _a038000772X
020 _a 9780380007721
040 _cPNEC
082 _a616.8914 HAR
100 _91141
_aHarris. M. D Thomas A
245 _aI'm OK-You're OK
_cThomas A Harrris, M. D
260 _aNew york
_bAvon Publishers
_cc.1968
300 _a317 p. :
_bill. ;
_c18 cm.
500 _aIncludes index.
650 _xGeneral
856 _uhttp://www.amazon.com/Im-OK-Youre-OK-Thomas-Harris/dp/038000772X/ref=sr_1_1?s=books&ie=UTF8&qid=1419317874&sr=1-1&keywords=038000772X
942 _2ddc
_cBK
999 _c62214
_d62214